|
|
|
|
| LEADER |
00000ckm a2200000 a 4500 |
| 001 |
vtls010207498 |
| 003 |
SK-MaSNL |
| 005 |
20260512123318.0 |
| 007 |
kp bo |
| 008 |
231214n xo g kuslo |
| 015 |
|
|
|a SNBG
|
| 035 |
|
|
|a C994E72C-B755-40CF-BD0E-DEEACDE76064
|
| 035 |
|
|
|a urn:nbn:sk:snk-km007agj
|
| 035 |
|
|
|a urn:nbn:sk:snk-kmtj48
|
| 040 |
|
|
|a SNK
|b slo
|c SNK
|e AACR2
|
| 041 |
0 |
|
|a slo
|
| 043 |
|
|
|a e-xo---
|
| 044 |
|
|
|a xo
|c SK
|
| 080 |
|
|
|a 378.16
|2 2001
|
| 080 |
|
|
|a 913(437.6)
|2 2001
|
| 080 |
|
|
|a (084.121)
|2 2001
|
| 245 |
0 |
0 |
|a Bratislava
|h grafika
|b Štát. vysokoškolský internát v Horskom parku
|
| 260 |
|
|
|a Bratislava
|b Tvar
|c [s.a.]
|
| 300 |
|
|
|a 1 pohľadnica
|b čiernobiela
|c 9 x 14 cm
|
| 650 |
0 |
7 |
|a vysokoškolské internáty
|2 SNKPH
|9 82258
|
| 651 |
|
7 |
|a Bratislava (Slovensko)
|2 SNKPH
|9 14568
|
| 655 |
|
7 |
|a miestne pohľadnice
|2 SNKPH
|9 70510
|
| 852 |
|
|
|a Slovenská národná knižnica
|
| 958 |
|
|
|a GC
|
| 958 |
|
|
|a GBN
|
| 958 |
|
|
|a OND
|
| 999 |
|
|
|c 748767
|d 750697
|
| 952 |
|
|
|a SNK
|b SNK
|y PREZ
|7 0
|p 17A0683018
|o snkSP 2744/a
|i snk2021/86
|8 0
|0 0
|1 0
|4 0
|d 2011-01-31
|f 1
|l 0
|r 2026-02-23 23:23:53
|w 2026-02-23
|